Filharmonikus hangverseny

Elmentve itt :
Bibliográfiai részletek
Szerző: Lengyel Vilma
Dokumentumtípus: Cikk
Megjelent: 1925-11-17
Sorozat:Délmagyarország 1 No. 145
Kulcsszavak:Filharmonikus hangverseny Szeged 1925, zeneélet
Online Access:http://dmarchiv.bibl.u-szeged.hu/75829
LEADER 00476nab a2200157 i 4500
001 delm75829
005 20180928084405.0
008 180928s1925 hu o 0|| hun d
040 |a SZTE Délmagyarország Archívum  |b hun 
041 |a hun 
100 1 |a Lengyel Vilma 
245 1 0 |a Filharmonikus hangverseny  |h [elektronikus dokumentum] /  |c  Lengyel Vilma 
260 |c 1925-11-17 
300 |a 6 
490 0 |a Délmagyarország  |v 1 No. 145 
695 |a Filharmonikus hangverseny Szeged 1925, zeneélet